000 00775nam a22001817a 4500
008 100317s2007 ii||||||r||| 000 0 ng d
020 _a8122420648
082 _222
_a620.3
_bDUK
100 _912877
_aDukkipati, Rao V.
245 _aSolving Vibration Analysis Problems using MATLAB/
_cRao V. Dukkipati
260 _aNew Delhi :
_bNew Age International, 2007.
_c2007
300 _axv, 217 p. :
_bill. ;
_c25 cm.
504 _aIncludes bibliographical references(p.207-217)
650 _912878
_aMATLAB
650 _912879
_aVibration
_xData processing.
942 _2ddc
_cBB
999 _c13728
_d13728